| 000 | 00848nam a22002057a 4500 | ||
|---|---|---|---|
| 999 |
_c8670 _d8670 |
||
| 003 | AR-CdUCM | ||
| 008 | 190325b ||||| |||| 00| 0 spa d | ||
| 040 |
_aMUNICIPALIDAD PROVINCIAL DEL CUSCO _cBIBLIOTECA MUNICIPAL DEL CUSCO |
||
| 082 |
_a510 / _bL86 _2C29 |
||
| 100 |
_aCardenas, Humberto _924236 |
||
| 245 | _aEl Plano Euclidiano / | ||
| 260 |
_aMéxico : _bAsociacion Nacional de Universidades e Institutos de Enseñanza Superior , _c1972. |
||
| 300 |
_a45 páginas ; _c21.5 cm |
||
| 505 | _aContenido : El Plano Cartesiano -- Adicion de Puntos -- Producto por una escalar -- El espacio Vectorial R2 -- Rectas y Segmentos -- Ecuaciones Lineales -- Sistemas de ecuaciones Lineales... | ||
| 650 |
_aPlano Cartesiano _924237 |
||
| 650 |
_aModelos Matematicos _96449 |
||
| 650 |
_aTeoria Matematica _924202 |
||
| 942 |
_2ddc _cLIBROS |
||
| 945 | _artm | ||